00456 2200181 4500001002100000005001500021035002000036007000300056008004100059020000600100082001000106084001800116100002200134245003800156260003400194300002800228650001800256INLIS00000000000206020260304082202 a0010-0326000009ta260304 g 0 ind  a- a2X5.4 a2X5.4 DJA. r0 aH. Dja'far Sabran1 aRisalah Do'a /cH. Dja'far Sabran aSurabaya :bDarussagaf,c2007 a245 hlm. ;c10 x 14 cm. aKumpulan Do'a